[Event "1st Bristol NY Open Tournament"]
[Site "Bristol Bridge & Clifton Chess"]
[Date "2024.12.30"]
[Round "6.12"]
[White "Northam, Lawrence"]
[Black "Baer, Bruce L"]
[Result "1-0"]
[WhiteElo "1567"]
[BlackElo "1959"]
[PlyCount "80"]
[GameId "2138255546687932"]
[EventDate "2024.12.27"]
[SourceTitle "Bristol_NY24_Fide_Open"]
[Source "David Tipper"]
[SourceDate "2025.02.16"]
[SourceVersion "1"]
[SourceVersionDate "2025.02.16"]
[SourceQuality "2"]

1. d4 g6 2. c4 d6 3. Nc3 Bg7 4. e4 e5 5. d5 f5 6. Bd3 Nf6 7. Qc2 f4 8. g3 g5 9. h4 h6 10. Bd2 Na6 11. O-O-O Bd7 12. hxg5 hxg5 13. Rxh8+ Bxh8 14. Nf3 Ng4 15. Rh1 Bg7 16. Be1 Qf6 17. Be2 O-O-O 18. Ng1 fxg3 19. fxg3 Rf8 20. Nd1 Rf7 21. b4 Bf8 22. Nf3 Qg6 23. Qd2 Qxe4 24. Nc3 Qf5 25. Nxg5 Bh6 26. Bxg4 Qxg5 27. Rxh6 Qxd2+ 28. Bxd2 Bxg4 29. Rh8+ Kd7 30. Rg8 Bf5 31. Bg5 c6 32. a3 Bh7 33. Rh8 Bd3 34. Ra8 Rf5 35. dxc6+ bxc6 36. Rxa7+ Nc7 37. b5 Kc8 38. b6 Ne6 39. Be7 Rf7 40. b7+ Kb8 1-0

[Event "1st Bristol NY Open Tournament"]
[Site "Bristol Bridge & Clifton Chess"]
[Date "2024.12.30"]
[Round "6.13"]
[White "Guilfoyle, John M"]
[Black "Bain, Oli"]
[Result "1/2-1/2"]
[WhiteElo "1983"]
[BlackElo "1696"]
[PlyCount "128"]
[GameId "2138255546687933"]
[EventDate "2024.12.27"]
[SourceTitle "Bristol_NY24_Fide_Open"]
[Source "David Tipper"]
[SourceDate "2025.02.16"]
[SourceVersion "1"]
[SourceVersionDate "2025.02.16"]
[SourceQuality "2"]

1. d4 Nf6 2. c4 e6 3. Nc3 Bb4 4. e3 O-O 5. Bd3 d5 6. Nf3 dxc4 7. Bxc4 c5 8. O-O cxd4 9. exd4 b6 10. Qe2 h6 11. Rd1 Bb7 12. Bf4 Bxc3 13. bxc3 Nbd7 14. Bd3 Nd5 15. Bd2 Qc7 16. Qe4 N7f6 17. Qe5 Rac8 18. c4 Ng4 19. Qxc7 Nxc7 20. Be2 Rfd8 21. Bb4 Na6 22. Ba3 Rd7 23. h3 Nf6 24. Ne5 Rdd8 25. Rac1 Ne4 26. Bh5 g6 27. Be2 Kg7 28. Bf3 Nd6 29. Be2 Ne4 30. Rd3 f6 31. Ng4 Rd7 32. f3 Ng3 33. Bd1 Rcd8 34. Bb2 Nb4 35. Rb3 Nc6 36. d5 Na5 37. Bxf6+ Kf7 38. Bxd8 Nxb3 39. axb3 Rxd8 40. dxe6+ Kxe6 41. Kf2 Nf5 42. Be2 Rd2 43. Rd1 Rb2 44. Rd3 h5 45. Nh2 h4 46. Nf1 Bc8 47. f4 Bd7 48. g4 hxg3+ 49. Nxg3 Nxg3 50. Rxg3 Kf5 51. Rd3 Bc6 52. Ke3 Bg2 53. Bg4+ Kf6 54. h4 Bf1 55. Rd6+ Kg7 56. Rd7+ Kh6 57. Rxa7 Rxb3+ 58. Kd4 Rd3+ 59. Ke4 Rc3 60. Kd4 Rxc4+ 61. Ke5 Rc5+ 62. Kf6 Rc4 63. Ke5 Rc5+ 64. Kf6 Rc4 1/2-1/2

[Event "1st Bristol NY Open Tournament"]
[Site "Bristol Bridge & Clifton Chess"]
[Date "2024.12.30"]
[Round "6.14"]
[White "Kong, Emma"]
[Black "Ashworth, Robert M"]
[Result "0-1"]
[WhiteElo "1772"]
[BlackElo "1860"]
[PlyCount "84"]
[GameId "2138255546687934"]
[EventDate "2024.12.27"]
[SourceTitle "Bristol_NY24_Fide_Open"]
[Source "David Tipper"]
[SourceDate "2025.02.16"]
[SourceVersion "1"]
[SourceVersionDate "2025.02.16"]
[SourceQuality "2"]

{[%evp 0,72,11,35,9,18,16,17,13,-7,21,19,18,8,18,2,6,6,20,24,16,34,72,91,60,52,61,62,75,36,64,71,75,41,38,-20,-23,-42,-26,-1,-1,-78,-109,-101,-109,-149,-136,-188,-188,-116,-230,-226,-177,-214,-131,-265,-200,-281,-302,-277,-234,-385,-164,-324,-297,-356,-298,-659,-442,-226,-387,-494,-373,-373,46]} 1. d4 d5 2. c4 c6 3. Nc3 Nf6 4. Bg5 e6 5. Nf3 Nbd7 6. e3 Qa5 7. cxd5 Nxd5 8. Qd2 Bb4 9. Rc1 O-O 10. e4 N5f6 11. Bd3 c5 12. a3 Bxc3 13. Qxc3 Qxc3+ 14. Rxc3 cxd4 15. Nxd4 Ne5 16. Bxf6 gxf6 17. O-O Rd8 18. f4 Rxd4 19. fxe5 fxe5 20. Bb1 Bd7 21. Rc5 a6 22. Rxe5 Bb5 23. Rc1 Rad8 24. Rg5+ Kf8 25. Rgc5 Rd1+ 26. Kf2 R8d2+ 27. Kg3 Rxc1 28. Rxc1 Rxb2 29. e5 Bc6 30. Rg1 Kg7 31. h4 Rb3+ 32. Kf4 Rxa3 33. g4 Ra1 34. Rd1 Ba4 35. Rc1 b5 36. g5 Bc2 37. Rxc2 Rxb1 38. Ra2 Rb4+ 39. Kg3 Ra4 40. Rb2 b4 41. h5 a5 42. Kf2 Ra3 0-1

[Event "1st Bristol NY Open Tournament"]
[Site "Bristol Bridge & Clifton Chess"]
[Date "2024.12.30"]
[Round "6.15"]
[White "Hardy, Roger"]
[Black "Murdoch, Stephen"]
[Result "1/2-1/2"]
[WhiteElo "1904"]
[BlackElo "1653"]
[PlyCount "49"]
[GameId "2138255546692031"]
[EventDate "2024.12.27"]
[SourceTitle "Bristol_NY24_Fide_Open"]
[Source "David Tipper"]
[SourceDate "2025.02.16"]
[SourceVersion "1"]
[SourceVersionDate "2025.02.16"]
[SourceQuality "2"]

1. d4 d5 2. c4 e6 3. cxd5 exd5 4. Nc3 c6 5. Bf4 Nf6 6. e3 g6 7. Bd3 Bg7 8. Nf3 Nbd7 9. Qd2 Qe7 10. O-O O-O 11. h3 Ne4 12. Qc2 f5 13. Nd2 Ndf6 14. f3 Nxc3 15. Qxc3 Nh5 16. Be5 f4 17. e4 Qg5 18. Rfe1 Bxh3 19. Bf1 Ng3 20. Qd3 dxe4 21. fxe4 Nxf1 22. Qxf1 Bxe5 23. dxe5 f3 24. Nxf3 Qg3 25. Qf2 1/2-1/2

[Event "1st Bristol NY Open Tournament"]
[Site "Bristol Bridge & Clifton Chess"]
[Date "2024.12.30"]
[Round "6.16"]
[White "Griffiths, Hayden"]
[Black "Ward, Andy"]
[Result "0-1"]
[WhiteElo "1767"]
[BlackElo "1890"]
[PlyCount "70"]
[GameId "2138255546692032"]
[EventDate "2024.12.27"]
[SourceTitle "Bristol_NY24_Fide_Open"]
[Source "David Tipper"]
[SourceDate "2025.02.16"]
[SourceVersion "1"]
[SourceVersionDate "2025.02.16"]
[SourceQuality "2"]

{[%evp 0,69,22,25,12,27,14,-1,-3,0,-16,12,42,58,58,94,81,281,204,411,214,193,196,376,169,258,59,120,147,124,19,20,15,99,49,33,-33,-48,-52,-124,-124,80,-106,-315,-1,-205,-135,-227,-475,-603,-480,-491,-482,-395,-303,-379,-499,-468,-439,-593,-692,-864,-850,-894,-909,-958,-1292,-1299,-898,-902,-934,-29999]} 1. e4 e5 2. Nf3 Nc6 3. c3 Nf6 4. d4 Nxe4 5. d5 Bc5 6. dxc6 Bxf2+ 7. Ke2 Bb6 8. Qd5 O-O 9. Qxe4 d5 10. Qa4 e4 11. Nd4 bxc6 12. Be3 c5 13. Nc2 Bd7 14. Qa3 d4 15. cxd4 cxd4 16. Nxd4 Bg4+ 17. Ke1 Bxd4 18. Be2 c5 19. g3 Bxe2 20. Kxe2 Qd7 21. Nc3 Qg4+ 22. Kd2 Bxe3+ 23. Kxe3 Qf3+ 24. Kd2 Rfd8+ 25. Kc2 Qd3+ 26. Kc1 Qd2+ 27. Kb1 e3 28. Qb3 e2 29. Nxe2 Qxe2 30. a3 Rab8 31. Qc3 Rd2 32. Ra2 Qe4+ 33. Kc1 Qxh1+ 34. Kxd2 Rd8+ 35. Ke2 Qxh2+ 0-1

[Event "1st Bristol NY Open Tournament"]
[Site "Bristol Bridge & Clifton Chess"]
[Date "2024.12.30"]
[Round "6.17"]
[White "Plotnikov, Matvii"]
[Black "Sharp, Nigel"]
[Result "1-0"]
[WhiteElo "1640"]
[BlackElo "1681"]
[PlyCount "47"]
[GameId "2138255546692033"]
[EventDate "2024.12.27"]
[SourceTitle "Bristol_NY24_Fide_Open"]
[Source "David Tipper"]
[SourceDate "2025.02.16"]
[SourceVersion "1"]
[SourceVersionDate "2025.02.16"]
[SourceQuality "2"]

1. Nf3 e6 2. c4 Nf6 3. g3 d5 4. Bg2 Bd6 5. O-O O-O 6. b3 c5 7. e3 Nc6 8. Bb2 Re8 9. d4 b6 10. Ne5 Bxe5 11. dxe5 Nd7 12. cxd5 exd5 13. Qxd5 Bb7 14. f4 Na5 15. Qd2 Bxg2 16. Qxg2 Rc8 17. Nc3 a6 18. Ne4 Nb7 19. Rad1 Qe7 20. Ng5 f6 21. Qd5+ Kh8 22. Nf7+ Kg8 23. Nd6+ Kf8 24. Nxc8 1-0

[Event "1st Bristol NY Open Tournament"]
[Site "Bristol Bridge & Clifton Chess"]
[Date "2024.12.30"]
[Round "6.18"]
[White "Jones, Timothy M"]
[Black "Sun, Lydia"]
[Result "1-0"]
[WhiteElo "1828"]
[BlackElo "1268"]
[PlyCount "55"]
[GameId "2138255546692034"]
[EventDate "2024.12.27"]
[SourceTitle "Bristol_NY24_Fide_Open"]
[Source "David Tipper"]
[SourceDate "2025.02.16"]
[SourceVersion "1"]
[SourceVersionDate "2025.02.16"]
[SourceQuality "2"]

{[%evp 0,44,15,38,12,19,36,16,2,19,6,21,37,37,37,39,39,31,43,51,24,27,6,33,67,-84,39,-4,128,36,197,196,345,197,346,360,355,316,198,366,580,342,363,439,466,411,391]} 1. d4 Nf6 2. Nf3 g6 3. g3 Bg7 4. Bg2 O-O 5. c4 d6 6. O-O Nbd7 7. Qc2 e5 8. dxe5 Nxe5 9. Nxe5 dxe5 10. Rd1 Qe7 11. b3 Rb8 12. Ba3 c5 13. Nc3 Be6 14. Nd5 Nxd5 15. cxd5 e4 16. dxe6 Bxa1 17. exf7+ Qxf7 18. Rxa1 Qxf2+ 19. Kh1 e3 20. Bd5+ Kg7 21. Bb2+ Kh6 22. Qc4 Rf5 23. Bf3 Rbf8 24. Qg4 R8f7 25. Qh3+ Rh5 26. Bxh5 gxh5 27. Qe6+ Kg5 28. h4# 1-0

[Event "1st Bristol NY Open Tournament"]
[Site "Bristol Bridge & Clifton Chess"]
[Date "2024.12.30"]
[Round "6.19"]
[White "George, Naveen Daniel"]
[Black "Mussa, Rayyan"]
[Result "1-0"]
[WhiteElo "1483"]
[BlackElo "1615"]
[PlyCount "47"]
[GameId "2138255546692035"]
[EventDate "2024.12.27"]
[SourceTitle "Bristol_NY24_Fide_Open"]
[Source "David Tipper"]
[SourceDate "2025.02.16"]
[SourceVersion "1"]
[SourceVersionDate "2025.02.16"]
[SourceQuality "2"]

{[%evp 0,46,17,22,14,31,14,16,24,21,30,31,78,31,0,28,41,41,49,55,50,76,64,46,59,66,39,73,195,98,175,200,316,318,310,310,318,338,325,368,414,354,354,376,389,340,375,363,688]} 1. e4 c5 2. Nf3 Nc6 3. d4 cxd4 4. Nxd4 g6 5. c4 Bg7 6. Be3 Nf6 7. Nc3 O-O 8. Be2 d6 9. O-O Bd7 10. Qd2 Rc8 11. f3 a6 12. Rfd1 Qc7 13. Rac1 Rfd8 14. Nd5 Nxd5 15. cxd5 Nxd4 16. Rxc7 Nxe2+ 17. Qxe2 Rxc7 18. Bb6 Bb5 19. Qd2 Rcd7 20. Bxd8 Rxd8 21. Rc1 Kf8 22. Rc7 b6 23. Qc2 Bd7 24. Rxd7 1-0

[Event "1st Bristol NY Open Tournament"]
[Site "Bristol Bridge & Clifton Chess"]
[Date "2024.12.30"]
[Round "6.21"]
[White "Bourne, Patrick"]
[Black "Zheng, Lucas"]
[Result "0-1"]
[WhiteElo "1365"]
[BlackElo "1502"]
[PlyCount "84"]
[GameId "2138255546692037"]
[EventDate "2024.12.27"]
[SourceTitle "Bristol_NY24_Fide_Open"]
[Source "David Tipper"]
[SourceDate "2025.02.16"]
[SourceVersion "1"]
[SourceVersionDate "2025.02.16"]
[SourceQuality "2"]

1. d4 Nf6 2. Bg5 e6 3. e4 Be7 4. e5 Nd5 5. Bxe7 Qxe7 6. c4 Nb6 7. Nf3 d6 8. Nc3 Nc6 9. exd6 cxd6 10. Be2 Bd7 11. O-O O-O-O 12. d5 exd5 13. Nxd5 Nxd5 14. cxd5 Ne5 15. Qd2 Kb8 16. a4 h5 17. b4 Bg4 18. Nd4 Rh6 19. Bxg4 Nxg4 20. Nf5 Qe5 21. Ng3 h4 22. Rfe1 Qf6 23. Nf1 h3 24. g3 Qf3 25. Ne3 Rf6 26. Re2 Re8 27. Rae1 Ne5 28. Qc2 g6 29. b5 Rc8 30. Qb3 Qe4 31. Qb2 Nf3+ 32. Kf1 Nxh2+ 33. Kg1 Nf3+ 34. Kh1 Nxe1+ 35. Kh2 Nf3+ 36. Kh1 Nh4+ 37. Kh2 Nf3+ 38. Kh1 Nd4+ 39. Kh2 Rf5 40. Qa3 Rxd5 41. Ra2 Nf3+ 42. Kh1 Rd1+ 0-1

[Event "1st Bristol NY Open Tournament"]
[Site "Bristol Bridge & Clifton Chess"]
[Date "2024.12.30"]
[Round "6.22"]
[White "Mussa, Adam"]
[Black "Krautsova, Diana"]
[Result "0-1"]
[WhiteElo "1259"]
[BlackElo "1586"]
[PlyCount "78"]
[GameId "2138255546692038"]
[EventDate "2024.12.27"]
[SourceTitle "Bristol_NY24_Fide_Open"]
[Source "David Tipper"]
[SourceDate "2025.02.16"]
[SourceVersion "1"]
[SourceVersionDate "2025.02.16"]
[SourceQuality "2"]

{[%evp 0,46,11,25,-44,37,28,23,17,28,16,16,28,29,30,72,55,24,31,4,-16,13,15,-1,13,-4,3,-15,-4,-11,-6,-6,-6,-36,47,-36,-17,-2,17,-60,-47,22,19,17,148,8,147,281,571]} 1. e4 e6 2. d4 d5 3. e5 c5 4. c3 Nc6 5. Nf3 cxd4 6. cxd4 Nge7 7. Bd3 Bd7 8. O-O Nb4 9. Nc3 Nxd3 10. Qxd3 a6 11. Bf4 Nf5 12. Rfd1 Be7 13. Rac1 Rc8 14. Ne2 Rxc1 15. Rxc1 O-O 16. Ng3 Nh4 17. Rc3 Bb5 18. Qe3 Ng6 19. Nh5 Nxf4 20. Qxf4 Be2 21. h3 g6 22. Nf6+ Bxf6 23. exf6 Bxf3 24. Rxf3 Kh8 25. Qh6 Rg8 26. Rf4 Qf8 27. Qxf8 Rxf8 28. g4 g5 29. Rf3 Rc8 30. Rc3 Rxc3 31. bxc3 b5 32. a3 a5 33. Kg2 h6 34. Kg3 Kh7 35. h4 Kg6 36. f3 Kxf6 37. h5 e5 38. Kf2 exd4 39. cxd4 b4 0-1

[Event "1st Bristol NY Open Tournament"]
[Site "Bristol Bridge & Clifton Chess"]
[Date "2024.12.30"]
[Round "6.23"]
[White "Hawkins, Robert"]
[Black "Jennings, Michael"]
[Result "1-0"]
[WhiteElo "1512"]
[BlackElo "1441"]
[PlyCount "87"]
[GameId "2138255546692039"]
[EventDate "2024.12.27"]
[SourceTitle "Bristol_NY24_Fide_Open"]
[Source "David Tipper"]
[SourceDate "2025.02.16"]
[SourceVersion "1"]
[SourceVersionDate "2025.02.16"]
[SourceQuality "2"]

1. d4 d5 2. Nf3 Nf6 3. e3 e6 4. Bd3 Be7 5. Nbd2 c5 6. c3 Nc6 7. O-O O-O 8. Ne5 cxd4 9. exd4 Bd7 10. Ndf3 Rc8 11. Nxc6 Bxc6 12. Re1 Re8 13. Bf4 Qb6 14. Qe2 Rcd8 15. Ne5 a6 16. Nxc6 Qxc6 17. f3 Bd6 18. Bxd6 Qxd6 19. Qc2 e5 20. Rxe5 Rxe5 21. dxe5 Qxe5 22. Qd2 Re8 23. Rd1 Qe3+ 24. Qxe3 Rxe3 25. Kf2 Re7 26. b3 Kf8 27. a4 Rc7 28. c4 dxc4 29. Bxc4 Rd7 30. Rxd7 Nxd7 31. Bd5 b6 32. Bc4 a5 33. Ke3 f6 34. Ke4 Ke7 35. Kd5 Nb8 36. f4 h6 37. h4 g5 38. g3 gxf4 39. gxf4 Kd7 40. h5 Ke7 41. Bb5 Nd7 42. Bxd7 Kxd7 43. f5 Kc7 44. Ke6 1-0

[Event "1st Bristol NY Open Tournament"]
[Site "Bristol Bridge & Clifton Chess"]
[Date "2024.12.30"]
[Round "6.24"]
[White "Taylor, Noah"]
[Black "Soleimani, Avina"]
[Result "1-0"]
[WhiteElo "1498"]
[BlackElo "1508"]
[PlyCount "107"]
[GameId "2138255546692040"]
[EventDate "2024.12.27"]
[SourceTitle "Bristol_NY24_Fide_Open"]
[Source "David Tipper"]
[SourceDate "2025.02.16"]
[SourceVersion "1"]
[SourceVersionDate "2025.02.16"]
[SourceQuality "2"]

1. e4 c5 2. Nf3 d6 3. Bb5+ Bd7 4. Bxd7+ Qxd7 5. O-O Nf6 6. Re1 g6 7. c3 Bg7 8. d4 O-O 9. Bf4 e6 10. Qd2 Rd8 11. Bh6 Bh8 12. h3 d5 13. e5 Ne4 14. Qc1 cxd4 15. cxd4 Nc6 16. Nbd2 Rac8 17. Qd1 Nb4 18. Nxe4 Nc2 19. Nc3 Nxe1 20. Qxe1 Qc7 21. Rc1 Qb6 22. Qd2 f6 23. Rc2 Rc6 24. exf6 Bxf6 25. Qf4 Bh8 26. Ng5 Qc7 27. Qxc7 Rxc7 28. Nxe6 Rdc8 29. Nxc7 Rxc7 30. Bf4 Rc4 31. Rd2 Bxd4 32. Nxd5 Kf7 33. Ne3 Bxe3 34. Bxe3 Rb4 35. a3 Rb3 36. Bxa7 Ke6 37. Bd4 Rb5 38. Kf1 Rd5 39. Ke2 Kf5 40. Kf3 Rd7 41. g4+ Ke6 42. Ke4 Kf7 43. f4 Rd6 44. Rc2 Re6+ 45. Be5 Rb6 46. Rc7+ Kg8 47. Rg7+ Kf8 48. Rxh7 Ke8 49. h4 Kd8 50. h5 Kc8 51. Rh6 Kd7 52. hxg6 Re6 53. g7 Rxh6 54. g8=Q 1-0

[Event "1st Bristol NY Open Tournament"]
[Site "Bristol Bridge & Clifton Chess"]
[Date "2024.12.30"]
[Round "6.25"]
[White "Farms, Edward"]
[Black "Hinde, Stephen"]
[Result "1-0"]
[WhiteElo "1549"]
[BlackElo "1186"]
[PlyCount "73"]
[GameId "2138255546692041"]
[EventDate "2024.12.27"]
[SourceTitle "Bristol_NY24_Fide_Open"]
[Source "David Tipper"]
[SourceDate "2025.02.16"]
[SourceVersion "1"]
[SourceVersionDate "2025.02.16"]
[SourceQuality "2"]

1. e4 c5 2. Nf3 d6 3. c3 Nf6 4. Be2 Nxe4 5. Qa4+ Nc6 6. Qxe4 e5 7. d4 d5 8. Qc2 Bd6 9. dxe5 Nxe5 10. Nxe5 Bxe5 11. Bb5+ Bd7 12. Bxd7+ Qxd7 13. O-O O-O 14. Re1 Qd6 15. g3 Rfe8 16. Na3 a6 17. Bd2 b5 18. b4 c4 19. Be3 Qf6 20. Rac1 Rac8 21. Nb1 Ra8 22. Red1 Red8 23. a4 Qc6 24. a5 Re8 25. Bc5 Rad8 26. Qf5 Re6 27. Re1 Rde8 28. Rcd1 Rf6 29. Qg4 Rg6 30. Qf3 Rf6 31. Qxd5 Qxd5 32. Rxd5 Rfe6 33. Bd4 Bc7 34. Rxe6 Rxe6 35. Rc5 Bd6 36. Rc8+ Bf8 37. Bc5 1-0

[Event "1st Bristol NY Open Tournament"]
[Site "Bristol Bridge & Clifton Chess"]
[Date "2024.12.30"]
[Round "6.27"]
[White "Burton, Henry"]
[Black "Fearnhead, Joseph T"]
[Result "0-1"]
[WhiteElo "1194"]
[BlackElo "1579"]
[PlyCount "56"]
[GameId "2138255546692043"]
[EventDate "2024.12.27"]
[SourceTitle "Bristol_NY24_Fide_Open"]
[Source "David Tipper"]
[SourceDate "2025.02.16"]
[SourceVersion "1"]
[SourceVersionDate "2025.02.16"]
[SourceQuality "2"]

1. d4 Nf6 2. c4 e5 3. dxe5 Ng4 4. Nf3 Bc5 5. e3 Nc6 6. Nc3 O-O 7. Be2 Ncxe5 8. Nxe5 Nxe5 9. O-O Re8 10. b3 a5 11. Bb2 Ra6 12. Qc2 Rh6 13. Rad1 Qh4 14. h3 d6 15. Nd5 Bxh3 16. g3 Qg5 17. Rfe1 Bg4 18. Nf4 Bf5 19. Qd2 Be4 20. Ng2 Rh3 21. Bxe5 Rxe5 22. Qxa5 g6 23. Qxc7 Qh6 24. f3 Rxg3 25. Kf2 Rxg2+ 26. Kxg2 Rg5+ 27. Kf1 Qh1+ 28. Kf2 Qg2# 0-1

[Event "1st Bristol NY Open Tournament"]
[Site "Bristol Bridge & Clifton Chess"]
[Date "2024.12.30"]
[Round "7.1"]
[White "Chua, Sebastien"]
[Black "Hill, Andy"]
[Result "1/2-1/2"]
[WhiteElo "2003"]
[BlackElo "1965"]
[PlyCount "59"]
[GameId "2138255546692044"]
[EventDate "2024.12.27"]
[SourceTitle "Bristol_NY24_Fide_Open"]
[Source "David Tipper"]
[SourceDate "2025.02.16"]
[SourceVersion "1"]
[SourceVersionDate "2025.02.16"]
[SourceQuality "2"]

1. e4 e6 2. d4 d5 3. e5 c5 4. c3 Nc6 5. Nf3 Bd7 6. Be2 Nge7 7. O-O Ng6 8. Be3 Be7 9. a3 a5 10. c4 dxc4 11. Nc3 cxd4 12. Bxd4 Nxd4 13. Qxd4 Qc7 14. Ne4 O-O 15. Rac1 Bc6 16. Rxc4 Rfd8 17. Qc3 Qb8 18. Rd4 Bd5 19. Bd3 Rc8 20. Qd2 Nxe5 21. Neg5 h6 22. Bh7+ Kf8 23. Rxd5 exd5 24. Nxe5 Qxe5 25. Nf3 Qh5 26. Qf4 Rd8 27. g4 Qh3 28. Ne5 Bf6 29. Re1 Bxe5 30. Rxe5 1/2-1/2

[Event "1st Bristol NY Open Tournament"]
[Site "Bristol Bridge & Clifton Chess"]
[Date "2024.12.30"]
[Round "7.2"]
[White "Kett, Tim"]
[Black "Stubbs, Oliver"]
[Result "1/2-1/2"]
[WhiteElo "2114"]
[BlackElo "2173"]
[PlyCount "87"]
[GameId "2138255546696141"]
[EventDate "2024.12.27"]
[SourceTitle "Bristol_NY24_Fide_Open"]
[Source "David Tipper"]
[SourceDate "2025.02.16"]
[SourceVersion "1"]
[SourceVersionDate "2025.02.16"]
[SourceQuality "2"]

1. e4 e6 2. d4 d5 3. Nc3 Nf6 4. Bg5 dxe4 5. Nxe4 Be7 6. Bxf6 gxf6 7. Nf3 f5 8. Ng3 h5 9. h4 c5 10. dxc5 Qxd1+ 11. Rxd1 Bxc5 12. Ne5 a6 13. Be2 Nd7 14. Nd3 Be7 15. Nxh5 b5 16. Bf3 Ra7 17. g3 Rc7 18. c3 Nb6 19. O-O Nc4 20. Rfe1 O-O 21. Kg2 Rd8 22. b3 Nb6 23. Ne5 Rxd1 24. Rxd1 Rxc3 25. Nc6 Kf8 26. Nxe7 Kxe7 27. Nf4 e5 28. Nd5+ Nxd5 29. Bxd5 Be6 30. h5 a5 31. h6 Rc8 32. Bxe6 Kxe6 33. Kf3 b4 34. h7 Rh8 35. Rh1 Kf6 36. Rh6+ Kg5 37. Ra6 Rxh7 38. Rxa5 f6 39. Ra8 Rc7 40. Rg8+ Kh5 41. Rh8+ Kg6 42. Rg8+ Kh5 43. Rh8+ Kg6 44. Rg8+ 1/2-1/2

[Event "1st Bristol NY Open Tournament"]
[Site "Bristol Bridge & Clifton Chess"]
[Date "2024.12.30"]
[Round "7.3"]
[White "Arkell, Keith C"]
[Black "Shepherd, Tom"]
[Result "1-0"]
[WhiteElo "2355"]
[BlackElo "1900"]
[PlyCount "95"]
[GameId "2138255546696142"]
[EventDate "2024.12.27"]
[SourceTitle "Bristol_NY24_Fide_Open"]
[Source "David Tipper"]
[SourceDate "2025.02.16"]
[SourceVersion "1"]
[SourceVersionDate "2025.02.16"]
[SourceQuality "2"]

1. d4 d5 2. Nf3 Nf6 3. c4 e6 4. cxd5 exd5 5. Nc3 c6 6. Qc2 Bd6 7. Bg5 O-O 8. e3 h6 9. Bh4 Be6 10. Bd3 Nbd7 11. O-O Re8 12. Bh7+ Kh8 13. Bf5 Qb8 14. Bg3 Bxg3 15. hxg3 a5 16. Bxe6 Rxe6 17. a3 Re8 18. b4 b5 19. Ne2 Qb7 20. Rfc1 Rec8 21. Ne5 Nxe5 22. dxe5 Nd7 23. Qf5 Nb6 24. Nd4 Nc4 25. e4 Re8 26. exd5 cxd5 27. f4 Qb6 28. Qd3 f6 29. bxa5 Rxa5 30. exf6 Qxf6 31. Re1 Qf8 32. Qg6 Re3 33. Nf5 Re4 34. Rxe4 dxe4 35. Rd1 Ra7 36. Qe6 e3 37. Nh4 Qg8 38. Ng6+ Kh7 39. Qe4 Qa8 40. Rd5 e2 41. Kf2 Rxa3 42. Nf8+ Kg8 43. Qh7+ Kxf8 44. Rf5+ Ke8 45. Qg6+ Kd7 46. Rf7+ Kc8 47. Qe6+ Kb8 48. Qe8# 1-0

[Event "1st Bristol NY Open Tournament"]
[Site "Bristol Bridge & Clifton Chess"]
[Date "2024.12.30"]
[Round "7.4"]
[White "Norris, Zack"]
[Black "Beaumont, Chris R"]
[Result "1-0"]
[WhiteElo "1887"]
[BlackElo "2161"]
[PlyCount "77"]
[GameId "2138255546696143"]
[EventDate "2024.12.27"]
[SourceTitle "Bristol_NY24_Fide_Open"]
[Source "David Tipper"]
[SourceDate "2025.02.16"]
[SourceVersion "1"]
[SourceVersionDate "2025.02.16"]
[SourceQuality "2"]

1. c4 Nf6 2. Nc3 g6 3. g3 Bg7 4. Bg2 O-O 5. e3 d6 6. Nge2 e5 7. O-O Re8 8. d4 e4 9. b4 Bf5 10. Nf4 Nbd7 11. h3 h5 12. Qc2 c5 13. Nb5 Qb8 14. dxc5 dxc5 15. Rd1 Bf8 16. bxc5 Nxc5 17. Bb2 Be7 18. Bd4 Ne6 19. Nxe6 Bxe6 20. Qb2 Nd7 21. Bxe4 a6 22. Nc3 Nc5 23. Bd5 Bxh3 24. Bxc5 Bxc5 25. Ne4 Be7 26. c5 Bg4 27. Rd2 Bf3 28. Nd6 Bxd6 29. cxd6 Bxd5 30. Rxd5 Rd8 31. d7 b5 32. Rad1 Ra7 33. Qf6 Qc7 34. Qe7 Raa8 35. Rd6 Qc4 36. R1d5 Qc1+ 37. Kg2 Qc4 38. Rg5 Qc2 39. e4 1-0

[Event "1st Bristol NY Open Tournament"]
[Site "Bristol Bridge & Clifton Chess"]
[Date "2024.12.30"]
[Round "7.5"]
[White "Bicknell, Carl"]
[Black "Meek, Stephen J"]
[Result "1-0"]
[WhiteElo "2101"]
[BlackElo "1962"]
[PlyCount "55"]
[GameId "2138255546696144"]
[EventDate "2024.12.27"]
[SourceTitle "Bristol_NY24_Fide_Open"]
[Source "David Tipper"]
[SourceDate "2025.02.16"]
[SourceVersion "1"]
[SourceVersionDate "2025.02.16"]
[SourceQuality "2"]

1. e4 c6 2. d4 d5 3. e5 c5 4. dxc5 e6 5. c3 Bxc5 6. Qg4 g6 7. Nf3 Nc6 8. b4 Be7 9. b5 Na5 10. Bd3 a6 11. O-O Bd7 12. bxa6 bxa6 13. Be3 Bb5 14. Bxb5+ axb5 15. Nbd2 h5 16. Qd4 Nh6 17. Bxh6 Rxh6 18. Rfb1 Rb8 19. a4 b4 20. cxb4 Nc6 21. Qe3 Rh8 22. b5 Na5 23. b6 Kf8 24. Rb5 Nc4 25. Nxc4 dxc4 26. a5 Qd7 27. Rbb1 Kg7 28. a6 1-0

[Event "1st Bristol NY Open Tournament"]
[Site "Bristol Bridge & Clifton Chess"]
[Date "2024.12.30"]
[Round "7.6"]
[White "Davis, Colin J"]
[Black "Kothari, Jai"]
[Result "0-1"]
[WhiteElo "2063"]
[BlackElo "1964"]
[PlyCount "84"]
[GameId "2138255546696145"]
[EventDate "2024.12.27"]
[SourceTitle "Bristol_NY24_Fide_Open"]
[Source "David Tipper"]
[SourceDate "2025.02.16"]
[SourceVersion "1"]
[SourceVersionDate "2025.02.16"]
[SourceQuality "2"]

1. Nf3 c5 2. c4 Nc6 3. Nc3 g6 4. d4 cxd4 5. Nxd4 Bg7 6. Nc2 d6 7. e4 Nf6 8. Be2 O-O 9. Be3 a5 10. f3 Ne8 11. Na4 Be6 12. O-O f5 13. Qd2 fxe4 14. Bb6 Qc8 15. fxe4 Nf6 16. Nc3 Ne5 17. Rxf6 Bxf6 18. b3 a4 19. Rc1 axb3 20. axb3 Bg7 21. Nd4 Bf7 22. Nd5 Qd7 23. c5 Bxd5 24. exd5 Rfc8 25. c6 bxc6 26. dxc6 Qe8 27. b4 Qf7 28. Bd1 Nc4 29. Rxc4 Qxc4 30. Nb3 Rf8 31. Bf2 Rab8 32. Na5 Qxb4 33. Qd5+ Kh8 34. Nb7 e6 35. Qd3 Rbc8 36. Bf3 Ra8 37. h3 Ra1+ 38. Kh2 Be5+ 39. Bg3 Qe1 40. Bxe5+ Qxe5+ 41. g3 Ra2+ 42. Bg2 Rff2 0-1